000 00770cam a2200277 4500500
005 20260405003259.0
041 _afre
042 _adc
100 1 0 _aEnjalbert, Cédric
_eauthor
245 0 0 _aJoindre l’utile à l’agréable
260 _c2021.
500 _a77
690 _aConsommation
690 _aDrogue
690 _aEva Illouz
690 _aFrançois de Smet
690 _aHomosexualité
690 _aRéseaux
690 _aRéseaux sociaux
690 _aSexe
690 _aSexualité
690 _aUtilitarisme
690 _aUtilité
786 0 _nPhilosophie magazine | 149 | 5 | 2021-05-01 | p. 53-54 | 1951-1787
856 4 1 _uhttps://shs.cairn.info/magazine-philosophie-magazine-2021-5-page-53?lang=fr&redirect-ssocas=7080
999 _c2066088
_d2066088